000 00642nam a2200205 i 4500
001 bg
100 1 _aBOCHENEK, Jan
245 0 0 _aMatematyka :
_bskrypt dla studentów wyższych szkół technicznych.
_nCz. 2 /
_cJan Bochenek, Teresa Winiarska ; Politechnika Krakowska im. Tadeusza Kościuszki.
250 _aWyd. 3.
260 _aKraków :
_bPK,
_c1993.
300 _a384 s. :
_brys., wykr. ;
_c24 cm.
504 _aBibliogr. s. 380.
650 9 _aMatematyka
_xpodręcznik akademicki
700 1 _aWINIARSKA, Teresa
040 _cBPK
041 0 _apl
080 _a51(075.8)
942 _cKS
008 s pl f |000 0 pol
999 _c24378
_d24378
856 _uhttp://koha.tu.koszalin.pl/cgi-bin/koha/opac-detail.pl?biblionumber=24378
_yKatalog online BPK